Vista normal
Vista MARC
Entrada Materia (personas)
Número de registros utilizados en: 5
001 - CONTROL NUMBER
- control field: 73933
003 - CONTROL NUMBER IDENTIFIER
- control field: Co-BoUCM
005 - DATE AND TIME OF LATEST TRANSACTION
- control field: 20151124173611.0
008 - FIXED-LENGTH DATA ELEMENTS
- fixed length control field: 151124|| aca||aabn | a|a d
040 ## - CATALOGING SOURCE
- Original cataloging agency: Co-BoUCM
- Transcribing agency: Co-BoUCM
100 ## - HEADING--PERSONAL NAME
- Personal name: Londoño Paredes, Julio
670 ## - SOURCE DATA FOUND
- Source citation: Work cat.: (Co-BoUCM)302146: Londoño Paredes, Julio, Colombia en el laberinto del Caribe, 2015